| 000 | 01164nam a2200325 i 4500 | ||
|---|---|---|---|
| 003 | EG-GICUC | ||
| 005 | 20260409164410.0 | ||
| 008 | 260409s1959 fr a|||fr|||| 00| 0 fre d | ||
| 040 |
_aEG-GiCUC _bfre _cEG-GiCUC _dEG-GiCUC _eRda |
||
| 041 | _afre | ||
| 082 | 0 | 4 |
_221 _a343.3751 _bME . C |
| 092 | 0 | 4 | _221 |
| 099 | _aLaw1 10 343.3751 ME . C 1959 | ||
| 100 | 1 |
_aMellor, Alec _eAuteur |
|
| 245 | 1 | 4 |
_aLes contraventions et le Tribunal de police après la réforme judiciaire / _cPar Alec Mellor. |
| 264 | 1 |
_aParis : _bLibrairie du Journal des notaires et des avocats, _c1959. |
|
| 300 |
_a167 pages : _billustration ; _c25 cm. |
||
| 336 |
_2rda contenu _a texte |
||
| 337 |
_2rda medias _aOrdinateur |
||
| 338 |
_2 transporteur rda _a Ressource en ligne |
||
| 490 |
_aComment faire: Législation, jurisprudence, doctrine, ; _vV 15. |
||
| 546 | _aTexte en français | ||
| 650 | 1 | _aDroit pénal | |
| 650 | 1 | _a Contraventions | |
| 650 | 1 | _a Police magistrates | |
| 650 | 1 | _aالإجراءات أمام محاكم الجنح والمخالفات | |
| 856 | 4 | 0 | _uhttps://fll.law.cu.edu.eg/fulltext/bks/B10-09069.pdf |
| 905 | _a43 | ||
| 942 |
_2ddc _n0 _cBK _e21 |
||
| 999 |
_c69897 _d69897 |
||